000 00550nam a2200229Ia 4500
003 OSt
005 20220928144148.0
006 a|||||r|||| 00| 0
007 ta
008 220927b |||||||| |||| 00| 0 eng d
024 _a60706
037 _cTextual
040 _aSDCL
_cSDCL
_beng
041 _2eng
_aeng
082 _aX:8-75, N6
100 _aMintzberg
_9507225
245 0 _aStrategy project.
260 _c1996
700 _a Quinn
_9507226
942 _hX:8-75, N6
_cTEXL
_2CC
999 _c826564
_d826564